| 000 | 00909cam a2200193Mi 4500 | ||
|---|---|---|---|
| 020 | _a9781412979351 (electronic book) | ||
| 020 | _a1412979358 (electronic book) | ||
| 040 | _cGGVRL | ||
| 082 | 0 | 4 | _a320 RMH 1991 C151 Or. |
| 245 | 0 | 0 |
_a21st century political science : _ba reference handbook / |
| 300 | _a1 online resource (448 pages) | ||
| 520 | _aHighlights the most important political science topics, issues, questions, and debates in the 21st Century. Includes basic institutions of government, political ideologies and cultures, public opinion, political parties and elections, political communication, political economy, international relations and institutions | ||
| 650 | 0 | _aPolitical science | |
| 700 | 1 | _aIshiyama, John T., | |
| 700 | 1 | _aBreuning, Marijke, | |
| 710 | 2 | _aOhio Library and Information Network. | |
| 856 | 4 | 0 | _uhttp://rave.ohiolink.edu/ebooks/ebc/9781412969017 |
| 942 | _cAEDBB | ||
| 999 |
_c18697 _d18697 |
||